000 00305nam a22001337a 4500
008 170821b xxu||||| |||| 00| 0 eng d
020 _a9780321356956
041 _aeng
080 _24 ED
_a51
100 _a37
101 _aMAT
245 _aALGRBRA AND TRIGOMETRY
_cROCKSWOLD.L
942 _2udc
_cBK
999 _c24252
_d24252